000 00264nam a2200109Ia 4500
008 190216s9999||||xx |||||||||||||| ||und||
100 _aPrabhakara Warier
245 0 _aMalayalam-Swanima Vinjaanam
260 _bVidyarthimithram
650 _aMalayalam
942 _cBK
999 _c26275
_d26275